Plant tissue culture: Some applications (Record no. 46425)

MARC details
000 -LEADER
fixed length control field 00388nam a2200109Ia 4500
100 ## - MAIN ENTRY--AUTHOR NAME
Personal name Ram H.Y.Mohan
245 #0 - TITLE STATEMENT
Title Plant tissue culture: Some applications
260 ## - PUBLICATION, DISTRIBUTION, ETC. (IMPRINT)
Name of publisher International Symposium on Coconut Research and development, 30 December 1976, Central Plantation Crops Research Institute, Kasargod
Year of publication 1976
300 ## - PHYSICAL DESCRIPTION
Number of Pages 22p
942 ## - ADDED ENTRY ELEMENTS (KOHA)
Koha item type Reprints
Holdings
Withdrawn status Lost status Damaged status Not for loan Home library Current library Date acquired Koha item type
      Reprints RRII Library RRII Library 22/12/2021 Reprints